Religion Quiz

Random Religion Quiz

Fictional Catholics Quiz Stats

 Plays Quiz not verified by Sporcle

Score 0/64 Timer 11:00
0 Plays Today
Hint Person % Correct
Ally of Robin HoodFriar Tuck
60%
Bellringer of Notre DameQuasimodo
60%
Blind lawyer/superheroDaredevil
40%
Partner of CloakDagger
40%
Cajun member of the X-MenGambit
40%
Frank Castle of the Marvel KnightsPunisher
40%
Father of a famous Rhode Island familyPeter Griffin
40%
Father of StanRandy Marsh
40%
Springfield's top mobsterFat Tony
40%
German member of the X-MenNightcrawler
30%
Love interest/former enemy of BatmanCatwoman
30%
French children's friar who is 'always sleeping'Frere Jacques
30%
Taught the Von Trapp children to singMaria Von Trapp
30%
England's favorite clergymanFather Ted
30%
Best friend of Kyle, Kenny, and CartmanStan Marsh
30%
Jaime Reyes, third person to wield a long-running DC identityBlue Beetle
20%
Masked avenger of early CaliforniaZorro
20%
Irish member of the X-MenBanshee
20%
Nathaniel Adam of the Justice LeagueCaptain Atom
20%
Daniel Ketch, ally of Johnny BlazeGhost Rider
20%
French Canadian member of Alpha Flight and X-MenNorthstar
20%
Vietnamese member of the New MutantsKarma
20%
Daniel Cassidy of the Justice LeagueBlue Devil
10%
Sidekick of Blue Devil and member of the Teen TitansKid Devil
10%
Ally of Batman and member of the Justice LeagueHuntress
10%
French Canadian member of Alpha Flight and sister of NorthstarAurora
10%
Irish daughter of an X-Men and member of X-ForceSiryn
10%
Brazilian member of the Global Guardians and Justice LeagueFire
10%
Ireland's premier super-hero in the Marvel UniverseShamrock
10%
Yolanda Montez of Infinity Inc.Wildcat
10%
Irish member of the Global GuardiansJack O'Lantern
10%
Nick Fury's right-hand manDum Dum Dugan
10%
Hint Person % Correct
Ren and Stimpy's heroPowdered Toastman
10%
Son of Green Lantern and member of Infinity Inc and Justice SocietyObsidian
10%
Marries Romeo and Juliet in secretFriar Lawrence
10%
One of the pilgrims of the Canterbury TalesMonk
10%
Runs the South Park Catholic ChurchFather Maxi
10%
Famous son who became Catholic for a whileBart Simpson
10%
Womanizing mayor of SpringfieldMayor Quimby
10%
Channel Ocho's biggest celebrityBumblebee Man
10%
Mexican wrestler who wears a jaguar maskKing
10%
Latina member of the Rangers and AvengersFirebird
0%
Blind member of the Justice SocietyDoctor Mid-Nite
0%
Member of the Suicide Squad and ally of Captain AtomNightshade
0%
Protoge of Johnny ThunderJakeem Thunder
0%
Brazilian member of the X-ForceSunspot
0%
Wife of Guardian and member of Alpha FlightVindicator
0%
French Canadian member of the Suicide Squad and enemy of FirestormPlastique
0%
Member of the New Warriors and girlfriend of JusticeFirestar
0%
Member of the New WarriorsSilhouette
0%
Ally of Superman who is LatinoGangbuster
0%
Ms. Frizzle's student who hails from an 'old school'Phoebe
0%
Jacques Foccart of the Legion of Super HeroesInvisible Kid
0%
Ally of Cable and member of the X-ForceDomino
0%
Enemy of Captain America who hails from TexasArmadillo
0%
Spanish member of the HellionsEmpath
0%
Mexican member of the SuperfriendsEl Dorado
0%
Spain's premier superheroEl Aguila
0%
Agent of Shadowloo from SpainVega
0%
70s Horror Hero who deals with demonsGabriel the Devil-Hunter
0%
Gay Latino member of the AvengersLiving Lightning
0%
Catwoman who fights in Las VegasFelicia
0%
Archenemy of QuasimodoJudge Claude Frollo
0%
Famous father who became Catholic for a whileHomer Simpson
0%

You're not logged in!

Compare scores with friends on all Sporcle quizzes.
OR
Log In

You Might Also Like...

Show Comments

Extras

Created Jan 31, 2019ReportNominate
Tags:catholic, fictional, genre, person

Top Quizzes Today


Score Distribution

Your Account Isn't Verified!

In order to create a playlist on Sporcle, you need to verify the email address you used during registration. Go to your Sporcle Settings to finish the process.

Report this User

Report this user for behavior that violates our Community Guidelines.

Details: